000 00998cam a22003251 4500
001 31548
003 BD-RjUL
005 20211209051721.0
008 140420s1925 enk 001 0 eng d
035 _a(BD-RjUL)31636
035 _a(OCoLC)674645
040 _aDLC
_cODaU
_dDLC
_dBD-RjUL
_beng
041 1 _aengfre
082 0 4 _a176
_bBUT 1925
100 1 _aBureau, Paul,
_d1865-1923.
_996020
245 1 0 _aTowards moral bankruptcy /
_cWith an introduction by Mary Scharlieb.
260 _aLondon :
_bConstable,
_c1925.
300 _axvi, 546 p. :
_bill. ;
_c23 cm.
500 _a"Authorized translation from the French."
500 _aTranslation of D'indicipline des mœurs.
504 _aIncludes Index
650 0 _aSexual ethics
_914043
650 0 _aMarriage
_zFrance
_996021
650 0 _aMalthusianism
_914899
651 0 _aFrance
_xMoral conditions
_996022
942 _2ddc
_cBK
999 _c31548
_d31548